000 00291nam a22001337a 4500
008 181122b xxu||||| |||| 00| 0 eng d
020 _a18002844145
041 _aeng
080 _a612.39
100 _a10
101 _aNUT
245 _aThe Italian Collection
_cCowin,D
942 _2udc
_cBK
999 _c52332
_d52332